000
00335nam a2200145Ia 4500
100
_a
Finkel/ Rapheal A
942
_c
BK
654
_a
Advanced Computer
245
_a
Advanced Programming lang Design
260
_b
Addison Wesley Pub
_a
New york
_c
1995
082
_a
5.13
_b
FIN
300
_a
480
546
_a
ENGLISH
999
_c
25690
_d
25690